[Event "FRA-chT4 0304"]
[Site "Champagne Ardenne"]
[Date "2003.12.07"]
[Round "3"]
[White "Kirakosyan, Artak"]
[Black "Henon, Eric"]
[Result "1-0"]
[WhiteElo "1999"]
[BlackElo "1560"]
[PlyCount "87"]
[EventDate "2003.10.??"]
[EventRounds "6"]
[EventCountry "FRA"]
[SourceTitle "EXT 2005"]
[Source "ChessBase"]
[SourceDate "2004.11.15"]
[SourceVersion "1"]
[SourceVersionDate "2004.11.15"]
[SourceQuality "1"]

1. e4 e6 2. d4 d5 3. Nc3 Bb4 4. e5 c5 5. a3 Bxc3+ 6. bxc3 Qc7 7. Bd2 Nc6 8. Bb5 Nge7 9. Qg4 Nf5 10. Ne2 Bd7 11. Ng3 cxd4 12. Bxc6 Qxe5+ 13. Ne2 Bxc6 14. cxd4 Qe4 15. Qxe4 dxe4 16. 0-0 Bb5 17. Rfe1 0-0 18. c3 Bc4 19. Rab1 b6 20. Bg5 Rac8 21. g4 Bxe2 22. Rxe2 h6 23. gxf5 hxg5 24. fxe6 fxe6 25. Rc1 Rf3 26. c4 Rxa3 27. Rxe4 Ra4 28. Rxe6 Raxc4 29. Rd1 Rc1 30. Ree1 Rxd1 31. Rxd1 Kf7 32. f3 Rd8 33. Kf2 a5 34. Ke3 Rc8 35. Rb1 Rb8 36. d5 Ke7 37. Kd4 Kd6 38. Rg1 Rf8 39. Rxg5 Rxf3 40. Rg6+ Rf6 41. Rxf6+ gxf6 42. h4 f5 43. h5 f4 44. h6 1-0